000
00301nam a2200133Ia 4500
100
_a
Netushil/A & Others
942
_c
BK
654
_a
Automatic Control
245
_a
Theory of Automatic Control
260
_b
Mir Publishers
_a
Moscow
_c
1973
082
_a
629.8
300
_a
808
546
_a
ENGLISH
999
_c
21741
_d
21741